20 største lande - Statistics

General Stats
  • This quiz has been taken 83 times
  • The average score is 9 of 20
Answer Stats
Overflade Land % Correct
17.098.246 km² Rusland
98%
9.596.961 km² Kina
92%
9.984.670 km² Canada
80%
3.287.263 km² Indien
73%
7.692.024 km² Australien
69%
8.514.877 km² Brasilien
63%
2.780.400 km² Argentina
59%
1.964.375 km² Mexico
51%
2.381.741 km² Algeriet
39%
1.910.931 km² Indonesien
39%
1.628.750 km² Iran
39%
1.564.116 km² Mongoliet
39%
1.861.484 km² Sudan
37%
2.344.858 km² Congo
33%
2.206.714 km² Saudi Arabien
31%
2.209.038 km² Danmark
27%
1.285.216 km² Peru
24%
1.759.540 km² Libyen
22%
2.724.900 km² Kasakhstan
18%
9.826.675 km² Forenede Stater
8%
No matching quizzes found
Score Distribution
Percent of People with Each Score
Percentile by Number Answered
Your Score History
You have not taken this quiz